000 00312nam a22001457a 4500
008 230911b ||||| |||| 00| 0 eng d
020 _a0882020129
041 _aeng
080 _a101
082 _a101STU
100 _a44
101 _aFILOZ
245 _aTHE COMPTON EFFECT
_cSTUEWER .H.R
942 _2udc
_cBK
999 _c60319
_d60319